000 00407nam a2200157Ia 4500
008 210716s2009 xx 000 0 und d
020 _a9788125931201
041 _aeng
082 _a332.17 PANP
100 _aPandian, Punithavathy.
245 _aFinancial services and markets.
250 _a1
260 _aNew Delhi
_bVikas Publishing House Pvt Ltd
_c2009
300 _axiii,418
650 _aFinance
999 _c206963
_d206963